[Event "Santo Domingo Regional-ch"]
[Site "Santo Domingo"]
[Date "2016.03.11"]
[Round "1"]
[White "Lopez Yapor, Germo Anibal"]
[Black "Mendez, Ruddy Antonio"]
[Result "0-1"]
[WhiteElo "1783"]
[BlackElo "2034"]
[PlyCount "60"]
[EventDate "2016.03.11"]
[EventType "swiss"]
[EventRounds "7"]
[EventCountry "DOM"]
[SourceTitle "EXT 2017"]
[Source "ChessBase"]
[SourceDate "2016.10.25"]
[SourceVersion "1"]
[SourceVersionDate "2016.10.25"]
[SourceQuality "1"]

1. e4 e5 2. Nf3 Nc6 3. Bb5 a6 4. Bxc6 dxc6 5. 0-0 f6 6. Nh4 Be6 7. d3 Qd7 8. f4 exf4 9. Bxf4 g5 10. Bxg5 fxg5 11. Qh5+ Bf7 12. Qxg5 Qd4+ 13. Kh1 Be7 14. Qf4 Be6 15. Nf3 Qxb2 16. Nbd2 0-0-0 17. Rab1 Qg7 18. Qe3 c5 19. e5 Nh6 20. c4 Rhg8 21. g3 Qg6 22. Ne4 Bd7 23. Nxc5 Bc6 24. Ne4 Ng4 25. Qe2 Rxd3 26. Rbe1 Re3 27. Qg2 Bxe4 28. Rd1 Bxf3 29. Rxf3 Rxf3 30. Qxf3 Rf8 0-1